| 000 | 00657nam a22001815i 4500 | ||
|---|---|---|---|
| 001 | 167022 | ||
| 003 | ES-MaACL | ||
| 005 | 20251005063132.0 | ||
| 008 | 011220s1872 po |||| | por d | ||
| 040 |
_aCAM _bspa _cCAM |
||
| 100 | 1 |
_aVasconcellos, Joaquim de, _d1849-1936 _9133567 |
|
| 245 | 1 | 2 |
_aO Faust de Goethe e a traducção do Visconde de Castilho / _cpor Joaquim de Vasconcellos. |
| 260 |
_aPorto : _b[s.n.], _c1872 ( _fImprensa Portugueza) |
||
| 300 |
_aXII, 585 p., [1] h. pleg. ; _c21 cm. |
||
| 600 | 1 | 4 |
_aGoethe, Johann Wolfgang von, _d1749-1832. _tFaust _957573 |
| 852 |
_aES-MaACL _jG-8969 _z-- Enc. hol. |
||
| 999 |
_c167022 _d167022 |
||